000 00729nam a22002297i 4500
001 IT\ICCU\LO1\0747381
003 ItRI
005 20241122062748.0
008 030502s2002 it |||||| ||||| |||||c
040 _cIUNIR
041 7 _aita
_2ISO-639-2
080 _a75
100 1 _aRossattini, Stefano
_0IT\ICCU\LO1V\255104
_4aut
245 1 3 _aUn villaggio straordinario :
_bVillaggio Morelli, il più grande sanatorio d'Europa : idea e ideali fra medicina, storia e natura /
_cStefano Rossattini.
260 _a[Bergamo! :
_bLitostampa istituto grafico,
_cstampa 2002
300 _a255 p. :
_bill. ;
_c31 cm.
650 0 _aMedicina
_958
650 _aItalia
982 1 _6z01
_an
942 _2cdu
_cBK
981 1 _6z01
_ai
_bxxxe
999 _c5082
_d5082